| 000 | 01937nam a2200373Ia 4500 | ||
|---|---|---|---|
| 020 | _a0890618119 (pbk.): v.1 | ||
| 020 | _a9780890618110 (pbk.): v.1 | ||
| 020 | _a0890618879 (pbk.): v.2 | ||
| 020 | _a9780890618127 (pbk.): v.2 | ||
| 020 | _a0890618135 (pbk.): v.3 | ||
| 020 | _a9780890618134 (pbk.): v.3 | ||
| 040 | _cCBC | ||
| 082 | _aCBC THE 1997 C285 Or. | ||
| 245 | 0 | 0 |
_aThemes in reading : _ba multicultural collection / |
| 260 |
_aLincolnwood, IL : _bJamestown Publishers, _cc1997- |
||
| 300 |
_a3 v : _bill. ; _c24 cm |
||
| 520 | _aThis multivolume set of readers features poems, short stories, essays, and excerpts from larger works gathered together under specific themes. Each reading includes thinking, discussion, and writing activies. For example, volume 1 includes a short story under the theme of Accomplishments entitled "The scholarship jacket." Thinking activities include comprehension questions regarding facts within the story such as "Why was the scholarship jacket important to Martha?" Discussion activities take information from the story and ask the reader to analyse data ("What is the real meaning of the scholarship or other achievement award?") or make real-world connections with their own lives. Writing activities can focus on a specific incident in the story asking the reader to write a scene of dialogue for a "what would have happened if..." situation | ||
| 650 | 0 | _aReaders (Elementary) | |
| 650 | 0 | _aReaders (Middle School) | |
| 650 | 0 | _aReaders (Secondary) | |
| 650 | 0 | _aReaders (Adult) | |
| 650 | 0 | _aReaders | |
| 650 | 0 | _aLanguage arts (Elementary) | |
| 650 | 0 | _aLanguage arts (Middle school) | |
| 650 | 0 | _aLanguage arts (Secondary) | |
| 650 | 0 | _aLiterature | |
| 650 | 0 | _aLiterature | |
| 650 | 0 | _aLiterature | |
| 650 | 0 | _aLiterature | |
| 650 | 0 | _aReading (Elementary) | |
| 700 | 1 | _aCunningham, Marilyn | |
| 710 | 2 | _aJamestown Publishers | |
| 942 | _cAEDBB | ||
| 999 |
_c22444 _d22444 |
||